[Event "World's Youth Stars"]
[Site "Kirishi"]
[Date "2007.05.16"]
[Round "1"]
[White "Gorovykh Eduard"]
[Black "Kuzubov Yuriy"]
[Result "1-0"]
[WhiteElo "2416"]
[BlackElo "2564"]
[Annotator ""]
[Source ""]
[Remark ""]

1.e4 c5 2.Nf3 d6 3.d4 cxd4 4.Nxd4 Nf6 5.Nc3 a6 6.g3 e5 7.Nf3
Be7 8.Bg2 O-O 9.O-O b5 10.Nh4 g6 11.Bh6 Re8 12.h3 Bb7 13.Qd2
b4 14.Nd5 Nxd5 15.exd5 a5 16.Nf3 Nd7 17.a3 Qb6 18.axb4 axb4 19.Ng5
Rxa1 20.Rxa1 Ra8 21.Rxa8+ Bxa8 22.Ne4 Bb7 23.c3 f5 24.Bg5 Bf8
25.Nf6+ Nxf6 26.Bxf6 h6 27.g4 Kf7 28.g5 hxg5 29.Bxg5 bxc3 30.bxc3
Bg7 31.c4 e4 32.Be3 Qb1+ 33.Bf1 Qb2 34.Qa5 Qf6 35.Qb6 Qe7 36.Bf4
Bf8 37.c5 Bxd5 38.cxd6 Qb7 39.Qxb7+ Bxb7 40.d7 Be7 41.Bc7 g5
42.d8Q Bxd8 43.Bxd8 Kg6 44.Be2 Bd5 45.Kf1 Bc6 46.Ke1 f4 1-0